Rendimento e composição do óleo essencial de Piper aduncum L. cultivado em Manaus, AM, em função da densidade de plantas e épocas de corte (Registro n. 299268)
[ somente texto ]
| 000 -LÍDER | |
|---|---|
| fixed length control field | 04449nab a2200277 i 4500 |
| 003 - CÓDIGO MARC DA AGÊNCIA CATALOGADORA | |
| Campo de controle | BR-BrBNA |
| 005 - DATA E HORA DA ÚLTIMA ATUALIZAÇÃO | |
| Campo de controle | 20240422130724.0 |
| 008 - CAMPO DE TAMANHO FIXO | |
| fixed length control field | 240422b2013 bl.qr|pooa||| 00| 0 por | |
| 040 ## - FONTE DA CATALOGAÇÃO | |
| Agência catalogadora | BR-BrBNA |
| Idioma da catalogação | por |
| 072 ## - CATEGORIA AGRIS | |
| Código AGRIS | F08 |
| 100 ## - ENTRADA PRINCIPAL - NOME PESSOAL | |
| Nome pessoal | Silva, A.L. |
| 100 ## - ENTRADA PRINCIPAL - NOME PESSOAL | |
| Nome pessoal | Chaves, F.C.M. |
| 100 ## - ENTRADA PRINCIPAL - NOME PESSOAL | |
| Nome pessoal | Lameira, R.C. |
| 100 ## - ENTRADA PRINCIPAL - NOME PESSOAL | |
| Nome pessoal | Bizzo, H.R. |
| 245 ## - TÍTULO PRINCIPAL | |
| Título principal | Rendimento e composição do óleo essencial de Piper aduncum L. cultivado em Manaus, AM, em função da densidade de plantas e épocas de corte |
| 500 ## - NOTA GERAL | |
| Nota geral | Publicação on-line; 16 ref.; 1 table; Summaries (En, Pt) |
| 942 ## - ADDED ENTRY ELEMENTS (KOHA) | |
| Koha item type | |
| 520 ## - NOTA DE RESUMO | |
| Nota de conteúdo | <br/><br/>RESUMO: <br/><br/>A pimenta-de-macaco (Piper aduncum L. - Piperaceae) é uma espécie usada na<br/>medicina popular em quase todo o Brasil e apresenta alto teor de óleo essencial (2,5 a 4,0%)<br/>rico em dilapiol – éter fenílico com ação inseticida. O presente trabalho teve como objetivo<br/>contribuir para o sistema de cultivo da espécie P. aduncum nas condições de Manaus –<br/>AM. O experimento foi realizado na área experimental da Embrapa Amazônia Ocidental. O<br/>delineamento utilizado foi o de blocos casualizados com quatro repetições, cada repetição com<br/>quatro plantas na área útil. Sete densidades de plantas (0,5 m x 0,5 m; 1,0 m x 0,5 m; 1,0 m x<br/>1,0 m; 1,5 m x 1,0 m; 1,5 m x 1,5 m; 2,0 m x 1,5 m e 2,0 m x 2,0 m, E1 a E7, respectivamente)<br/>e três épocas de corte (C1 - 6 meses após transplantio; C2 - rebroto de C1 aos 6 meses –<br/>plantas com idade de 12 meses, no campo; C3 - rebroto de C2 aos 6 meses – plantas com<br/>18 meses, no campo), portanto em esquema fatorial. Foi observado que o segundo corte (C2)<br/>apresentou maior produção, no espaçamento E4. Não houve diferença estatística para o teor<br/>de óleo essencial em C1, independente da densidade de plantas. Com relação ao rendimento<br/>(produção) em óleo essencial, o melhor foi observado com o corte C2, nos espaçamentos E3<br/>e E4, com 76,0 kg/ha e 88 kg/ha, respectivamente, contendo até 85,6% de dilapiol no óleo.<br/>Assim, a melhor condição de cultivo nas condições de teste foi observada para o período de<br/>corte C2 e espaçamentos de 1,0 m x 1,0 m, e de 1,0 m x 1,5 m.<br/><br/>Palavras-chave: Piperaceae, planta medicinal, dilapiol, Amazônia |
| 520 ## - NOTA DE RESUMO | |
| Nota de conteúdo | <br/><br/>ABSTRACT: <br/><br/>Yield and composition of the essential oil from Piper aduncum L., cultivated<br/>in Manaus, AM, regarding plant density and cutting period. Pimenta-de-macaco (monkey<br/>pepper - Piper aduncum L. - Piperaceae) is a species used in folk medicine throughout Brazil,<br/>containing an essential oil (2.5 to 4.0% yield) rich in dillapiole, an arylpropanoid with insecticide<br/>action. The objective of this research was to improve the cultivation system of P. aduncum in<br/>local conditions of Manaus, AM. The study was conducted in the experimental fields of Embrapa<br/>Western Amazon, and used randomized blocks with four replicates, each replicate with four<br/>plants in its testing area. Seven plant densities (0.5 m x 0.5 m; 1.0 m x 0.5 m; 1.0 m x 1.0 m; 1.5<br/>m x 1.0 m; 1.5 m x 1.5 m; 1.5 m 2.0 m; 2.0 m x 2.0 m, E1 to E7 respectively) and three cutting<br/>periods (C1 - 6 months after transplanting, C2 - regrowth of C1 after 6 months (plants with 12<br/>months in the field) and C3 - regrowth of C2 after 6 months (plants with 18 months in the field),<br/>therefore in a factorial scheme. A larger production was observed in the second cutting (C2)<br/>in the plant density E4. There were no statistical differences in the essential oil content in C1,<br/>regardless of densities. In relation to the essential oil yield, the best result was observed for<br/>the cutting period C2 in the E3 and E4 densities, 76.0 kg/ha and 88 kg/ha, respectively, with<br/>a dillapiole content of up to 85.6%. Therefore, the best cultivation condition according to the<br/>test was observed for the cutting after 12 months of transplantation and plant density of 1.0 m<br/>x 1.0 m or 1.5 m x 1.5 m.<br/><br/>Keywords: Piperaceae, medicinal plant, dillapiole, Amazon. |
| 650 ## - ASSUNTO - THESAGRO | |
| Cabeçalho tópico ou nome geográfico | PIPERACEAE |
| 650 ## - ASSUNTO - THESAGRO | |
| Cabeçalho tópico ou nome geográfico | PLANTA MEDICINAL |
| 650 ## - ASSUNTO - THESAGRO | |
| Cabeçalho tópico ou nome geográfico | AMAZÔNIA |
| 773 0# - ENTRADA ANALÍTICA | |
| Host Biblionumber | 3543 |
| Registro do item | 314704 |
| Imprenta | Botucatu-SP Instituto de Biociências - Departamento de Química e Bioquímica 1998 |
| Outro identificador | 2024-0956 |
| Título | Revista Brasileira de Plantas Medicinais (Brazil) |
| ISSN | 1516-0572 |
| Colação | v. 15(4 suppl. 1) p. 670-674; (2013) |
| Número de controle de registro | BR2024000502 |
| 856 ## - ACESSO E ENDEREÇO ELETRÔNICO | |
| Identificador uniforme de recurso - URI | https://www.scielo.br/j/rbpm/a/M5PLD9ffnpfcpMhzXt8KqQM/?format=pdf&lang=pt |
Nenhum exemplar disponível.

BINAGRI